| 000 | 00558nam a2200181 i 4500 | ||
|---|---|---|---|
| 001 | 104557 | ||
| 003 | ES-MaACL | ||
| 005 | 20230906183632.0 | ||
| 007 | t| | ||
| 008 | 051201s1953 sp ||||1| spa d | ||
| 080 | _a791.862 | ||
| 100 | 1 |
_aMinguet Calderón de la Barca, Enrique. _981341 |
|
| 245 | 1 | 3 |
_aEl Toreo _b: Almanaque-guía 1954 / _cEnrique Minguet, "Pensamientos" [seud.]. |
| 260 |
_aMadrid : _bImp. de la Bolsa, _c1953. |
||
| 300 |
_a208 p. con 1 lám. : _bil. ; _c17 cm. |
||
| 650 | 4 |
_aCorridas de toros. _911370 |
|
| 852 |
_aES-MaACL _jC-7969 |
||
| 999 |
_c104557 _d104557 |
||